MARC

Tag First Indicator Second Indicator Subfields
LEADER 00000cam a22000004a 4500
001 in00003389521
005 20190405193856.0
006 m d
007 cr |||||||nn|n
008 070327s2007 txu o d eng d
010 |z  2007012436 
020 |a 9780292794733 
020 |a 0292794738 
020 |z 9780292716766 (cloth : alk. paper) 
020 |z 9780292716773 (pbk. : alk. paper) 
020 |z 0292716761 
035 |a (MdBmJHUP)muse9780292794733 
040 |a MdBmJHUP  |c MdBmJHUP  |d UtOrBLW 
043 |a ncgt--- 
050 0 0 |a HV6322.3.G9  |b A34 2007 
082 0 0 |a 972.8105/3  |2 22 
100 1 |a Afflitto, Frank M.,  |d 1960- 
245 1 4 |a The quiet revolutionaries :  |b seeking justice in Guatemala /  |c Frank M. Afflitto and Paul Jesilow. 
250 |a 1st ed. 
264 1 |a Austin :  |b University of Texas Press,  |c 2007. 
300 |a 1 online resource (x, 206 pages ) 
336 |a text  |b txt  |2 rdacontent 
337 |a computer  |b c  |2 rdamedia 
338 |a online resource  |b cr  |2 rdacarrier 
504 |a Includes bibliographical references (pages [181]-202) and index. 
505 0 |a Some background -- Access was not easy -- Chronic ambiguity -- Seeking justice -- The social movement to end impunity -- The movement is fragmented by the peace accords -- Identity, rule of law, and democracy. 
588 |a Description based on print version record. 
500 |a Electronic resource. 
650 0 |a Human rights movements  |z Guatemala. 
650 0 |a Disappeared persons' families  |x Political activity  |z Guatemala. 
650 0 |a Disappeared persons' families  |z Guatemala. 
650 0 |a State-sponsored terrorism  |z Guatemala. 
650 0 |a Disappeared persons  |z Guatemala. 
651 0 |a Guatemala  |x History  |y Civil War, 1960-1996. 
655 7 |a Electronic books.  |2 local 
700 1 |a Jesilow, Paul,  |d 1950- 
856 4 0 |u http://proxy.library.tamu.edu/login?url=http://muse.jhu.edu/books/9780292794733/  |z Connect to the full text of this electronic book  |t 0 
999 |a MARS 
999 f f |s 6de33a62-7335-39a8-9514-d4a85d2d0ae5  |i 88dadc62-58c2-32d0-8391-9dc696e59b30  |t 0 
952 f f |a Texas A&M University  |b College Station  |c Electronic Resources  |d Available Online  |t 0  |e HV6322.3.G9 A34 2007  |h Library of Congress classification 
998 f f |a HV6322.3.G9 A34 2007  |t 0  |l Available Online